000 00824nam a2200253 a 4500
001 000019367
005 20200929170009.0
008 100626s1973 sp 000 f spa d
020 _a8430057056
040 _aDO-SdBNP
_bspa
_cBNPHU
082 _a843.73
_bB198eug
100 1 _aBalzac, Honoré de,
_d1799-1850
_913333
245 1 0 _aEugenia Grandet ; papa Goriot ; la piel de zapa /
_cHonorato de Balzac ; traducción de José María Carrascal.
260 _aMadrid :
_bGiner,
_c1973.
300 _a568 p. ;
_c22 cm.
504 _aIncluye referencias y notas al pie de las páginas.
650 4 _aNovela francesa
_91075
650 4 _aLiteratura francesa
_91074
700 1 _aCarrascal, José María,
_etr.
_941610
730 0 _aPapa Goriot
_941611
730 3 2 _aLa piel de zapa
_941612
910 _aWM
049 _aBNGR
999 _c18884
_d18884